000 00556nam a2200217Ia 4500
003 OSt
005 20220926040646.0
006 a|||||r|||| 00| 0
007 ta
008 220923b |||||||| |||| 00| 0 eng d
037 _cGeneral Book
040 _aRTL
_cRTL
_beng
041 _2eng
_aeng
082 _aX:8, K5
100 _aStrong Earl P
_9125616
245 0 _aManagement of business
_b An introduction
260 _c1965
650 _aManagement
_930681
942 _hX:8, K5
_cGB
_2CC
999 _c665319
_d665319